000 00724nam a2200205 a 4500
001 000041079
005 20201002034612.0
008 130917s1988 sp 000 0 spa d
020 _a8400068823
040 _aDO-SdBNP
_bspa
_cBNPHU
100 1 _aAmorim, Enrique Manuel,
_c1900-1960.
_967586
245 1 3 _aLa Carreta /
_cEnrique Manuel Amorim ; edición crítica Fernando Ainsa.
260 _aBogotá :
_bPresidencia de la República,
_c1988.
300 _av., (483 p.) ;
_c24 cm.
490 1 _aArchivos ;
500 _aIncluye índice y léxico.
500 _aIncluye referencias bibliográficas y notas al pie de las páginas
504 _aBibliografía : p.477-483
700 1 _aAínsa, Fernando,
_d1937-,
_ecoor.
_967587
999 _c40569
_d40569